Literature, Literally II Quiz Stats

 Plays Quiz Updated Dec 14, 2015

Challenge
Share
Tweet
Embed
Score 0/20 Timer 06:00
5 Plays Today
% Correct
Watership Down
95.9%
The Naked and the Dead
95.5%
The Red and the Black
95.2%
The Grapes of Wrath
95.1%
The Painted Veil
94.6%
In Search of Lost Time
94.5%
The Shining
94.5%
White Fang
94.2%
The Turn of the Screw
94%
Notes from the Underground
93.9%
% Correct
Harry Potter and the Half-Blood Prince
93.8%
Infinite Jest
93.5%
The Secret Agent
93.2%
Washington Square
92.6%
High Fidelity
90.7%
Slaughterhouse-Five
90.6%
Light in August
89.4%
To Kill a Mockingbird
89.3%
No Country for Old Men
87%
The Adventures of Huckleberry Finn
83.3%

You're not logged in!

Compare scores with friends on all Sporcle quizzes.
OR
Log In

You Might Also Like...

Show Comments

Extras

Top Quizzes Today


Score Distribution

Your Account Isn't Verified!

In order to create a playlist on Sporcle, you need to verify the email address you used during registration. Go to your Sporcle Settings to finish the process.

Report this User

Report this user for behavior that violates our Community Guidelines.

Details: